| 000 | 00541nam a22001817i 4500 | ||
|---|---|---|---|
| 001 | 496 | ||
| 003 | OSt | ||
| 005 | 20170126082243.0 | ||
| 007 | tu | ||
| 008 | 161220s1987 xxu||||| |||| 00| 0 d | ||
| 024 | 7 |
_a495 _2RID |
|
| 040 | _cOSt | ||
| 084 |
_a11.352 _a11.82 _a11.66 _a11.71 _2z |
||
| 245 | 0 | 0 | _aExternal Debt Statistics.The Debt and Other External Liabilities of Developing,CMEA and Certain Other Countries and Territories at End-December 1985 and End-December 1986 |
| 260 |
_aParis, _c1987. |
||
| 300 |
_a29 S. ; _c30cm. |
||
| 110 | 2 |
_aOECD _eEd. |
|
| 942 | _cB | ||
| 999 |
_c489 _d489 |
||